00517 2200193 4500245005600000020002200056250001000078100002300088700001700111700001700128650002900145650001000174005001900184260006500203041001400268084001200282300002000294336000900314 aTOKOH-TOKOH GERAKAN PADRIcS. Metron MasdisonhText a978-602-437-465-5 aCet.1 aS. Metron Masdison aSetyo Untoro aOrta Sartika aCerita Sejarah Indonesia aEbook a20250317083115 aJakarta TimurbBadan Pengembangan dan Pembinaan Bahasac2018 aIndonesia a398.209 aviii :c67 hlm. atext